000
00358nam a22001217a 4500
003
SGT
082
_a
920
_b
A20K
100
_a
कुमार, श्याम
245
_a
अपने खुद के शब्दों में :लता मंगेशकर
260
_b
नियोगी बुक्स
_c
2020
300
_a
228
942
_2
ddc
_c
BK
999
_c
32000
_d
32000